The magic ride / (Record no. 9213)

MARC details
000 -LEADER
fixed length control field 00981nam a22002537a 4500
001 - CONTROL NUMBER
control field 9213
003 - CONTROL NUMBER IDENTIFIER
control field FISKH
005 - DATE AND TIME OF LATEST TRANSACTION
control field 20251202152119.0
008 - FIXED-LENGTH DATA ELEMENTS--GENERAL INFORMATION
fixed length control field 251202b cb ||||| |||| 00| 0 eng d
040 ## - CATALOGING SOURCE
Original cataloging agency FISKH
Language of cataloging eng
Transcribing agency FISKH
Modifying agency FISKH
082 ## - DEWEY DECIMAL CLASSIFICATION NUMBER
Classification number 428.6
100 ## - MAIN ENTRY--PERSONAL NAME
Personal name Bacon, Ron
245 ## - TITLE STATEMENT
Title The magic ride /
Statement of responsibility, etc. Written by Ron Bacon ; Illustatrated by Jim Tsinganos
260 ## - PUBLICATION, DISTRIBUTION, ETC.
Place of publication, distribution, etc. Milburn :
Name of publisher, distributor, etc. Nelson,
Date of publication, distribution, etc. 1992.
300 ## - PHYSICAL DESCRIPTION
Extent 16 unnumbered pages :
Other physical details color illustrations ;
Dimensions 19 x 21 cm
505 ## - FORMATTED CONTENTS NOTE
Formatted contents note E<br/>
520 ## - SUMMARY, ETC.
Summary, etc. A simple story for beginning readers about a child who takes an imaginative ride and discovers new places and experiences. The book uses repetitive text and supportive illustrations to help early readers build confidence and practice high-frequency words.
521 8# - TARGET AUDIENCE NOTE
Target audience note 200<br/>
Source Lexile estimate<br/>
521 8# - TARGET AUDIENCE NOTE
Target audience note E<br/>
Source Raz-Plus<br/>
650 ## - SUBJECT ADDED ENTRY--TOPICAL TERM
Topical term or geographic name entry element Horses
Form subdivision Imagination
General subdivision Merry-go-round
700 ## - ADDED ENTRY--PERSONAL NAME
Personal name Tsinganos, Jim
Relator term illustrator
942 ## - ADDED ENTRY ELEMENTS (KOHA)
Source of classification or shelving scheme Dewey Decimal Classification
Koha item type Books
Suppress in OPAC No
Holdings
Withdrawn status Lost status Source of classification or shelving scheme Damaged status Not for loan Collection Home library Current library Shelving location Date acquired Total Checkouts Full call number Barcode Date last seen Copy number Price effective from Koha item type
    Dewey Decimal Classification     Juvenile Fiction Footprints International School Library Network Toul Tom Poung Campus Footprints International School Library Network Toul Tom Poung Campus TTP Primary Green Bookshelves 12/02/2025   BAC 428.6 2025-5004 12/02/2025 1 12/02/2025 Books